Anuario de medicina y cirugía prácticas para... (Record no. 168952)

MARC details
000 -LEADER
campo de control de longitud fija 00831nas a2200253 i 4500
001 - NÚMERO DE CONTROL
campo de control 168952
003 - IDENTIFICADOR DE NÚMERO DE CONTROL
campo de control ES-MaACL
005 - FECHA Y HORA DE LA ÚLTIMA TRANSACCIÓN
campo de control 20250807062551.0
008 - DATOS DE LONGITUD FIJA--INFORMACIÓN GENERAL
campo de control de longitud fija 080703 18651884sp a| | ||pa d
022 ## - NÚMERO INTERNACIONAL NORMALIZADO PARA PUBLICACIONES SERIADAS
Número Internacional Normalizado para Publicaciones Seriadas 0212-8039
080 ## - NÚMERO DE LA CLASIFICACIÓN DECIMAL UNIVERSAL
Número de la Clasificación Decimal Universal 61
245 00 - MENCIÓN DEL TÍTULO
Título Anuario de medicina y cirugía prácticas para...
Resto del título : resumen de los trabajos prácticos mas importantes publicados en...
260 ## - PUBLICACIÓN, DISTRIBUCIÓN, ETC.
Lugar de publicación, distribución, etc. Madrid :
Nombre del editor, distribuidor, etc. Carlos Bailly-Bailliere,
Fecha de publicación, distribución, etc. 1865-1884.
300 ## - DESCRIPCIÓN FÍSICA
Extensión 1 v. :
Otras características físicas il. ;
Dimensiones 17 cm.
310 ## - PERIODICIDAD ACTUAL
Periodicidad actual Anual
362 0# - FECHAS DE PUBLICACIÓN Y/O DESIGNACIÓN SECUENCIAL
Fecha de publicación y/o designación secuencial T. 1 (1864)-(1884)
500 ## - NOTA GENERAL
Nota general Director, Esteban Sánchez de Ocaña.
650 07 - PUNTO DE ACCESO ADICIONAL DE MATERIA--TÉRMINO DE MATERIA
Término de materia o nombre geográfico como elemento de entrada Medicina
Fuente del encabezamiento o término embne
9 (RLIN) 14891
700 0# - ENTRADA AGREGADA--NOMBRE PERSONAL
Nombre de persona Sánchez de Ocaña, Esteban.
9 (RLIN) 102593
785 00 - ENTRADA/ENLACE A UN TÍTULO POSTERIOR
Título Anuario de medicina y cirugía
852 ## - LOCALIZACIÓN
Ubicación ES-MaACL
Número de control de estantería B-11686
Nota libre .- Legado Gustavo Saenz Diez
866 #0 - MENCIÓN TEXTUAL DE FONDOS--UNIDAD BIBLIOGRÁFICA BÁSICA
Fondos 1884
Holdings
Estatus retirado Estado de pérdida Estado de daño No para préstamo Colección Biblioteca de origen Biblioteca actual Ubicación en estantería Fecha de adquisición Fuente de adquisición Total de préstamos Signatura topográfica completa Código de barras Visto por última vez Precio de reemplazo Tipo de ítem Koha
        Periódicos y Revistas Biblioteca del Ateneo de Madrid Biblioteca del Ateneo de Madrid Sala Pardo Bazán 03/07/2008     B-11686 1177321 23/02/2023 23/02/2023 Revista